000 00404nam a22001457a 4500
020 _a03-10000-0211
082 _a894-812
_bMOO/M
100 _aN MOOSAKKUTTY
245 _aMAHATHAYA 101 SASTHREEYA KANDUPIDITHANGAL
_bINVENTIONS
246 _aMAHATHAYA 101 SASTHREEYA KANDUPIDITHANGAL
_bINVENTIONS
260 _aTHRISSUR
_bH& C PUBLISHING HOUSE
_c2005
300 _a128
520 _aINVENTIONS
942 _cBK
999 _c1072
_d1072